| 000 | 00411nam a2200145Ia 4500 | ||
|---|---|---|---|
| 008 | 230917s9999||||xx |||||||||||||| ||und|| | ||
| 040 |
_e676 _aMAIN |
||
| 041 | _aEnglish | ||
| 082 | _a581.192 M615P | ||
| 100 | _aMiller, Lawrence P, ed. | ||
| 245 | 0 | _aPhotochemistry. V3- Inorganic elements and special groups of chemicals | |
| 260 |
_aNew York _bD Van Nostrand _c1973 |
||
| 300 | _axiv, 448 p. | ||
| 942 | _cBK | ||
| 999 |
_c187584 _d187584 |
||